• 首页
  • 本馆介绍
  • 公告通知
  • 最新文献
  • 馆藏检索
  • 电子资源
  • 读者导购
  • 参考咨询
  • 我的图书馆
  • 登录
  • 详细信息显示
  • 放入我的书架
  • 预约/预借图书
  • 作者相关作品
  • 分类相关作品
  • 丛书相关作品
  • 出版社相关作品

书目信息

  • 表格格式
  • 工作单格式
  • 卡片格式
题名:
外国高等教育史
    
 
作者: 贺国庆 著
分册:  
出版信息: 北京   人民教育出版社  2003
页数: 760页
开本: 21cm
丛书名:
单 册:
中图分类: G649.1 , G519
科图分类:
主题词: 高等教育--教育史--国外 , 教育事业--世界
电子资源:
ISBN: 7-107-17419-3
000 00777nam0 2200241 450
001 1540215166
005 20150126111031.56
010    @a7-107-17419-3@dCNY41.40
100    @a20040608d2003 em y0chiy50 ea
101 0  @achi
102    @aCN@b110000
105    @ay z 000yy
200 1  @a外国高等教育史@9wai guo gao deng jiao yu shi@f贺国庆等著
210    @a北京@c人民教育出版社@d2003
215    @a760页@d21cm
330    @a本书阐述从古至今、从东方到西方高等教育的发展历程,重点研究欧美高等教育发展,分古代、近代、现代三大部分介绍高等教育的历史。
606 0  @a高等教育@x教育史@x国外
606 0  @a教育事业@x世界
690    @aG649.1@v5
690    @aG519@v4
701  0 @c(白族)@a贺国庆@9he guo qing@f(1961~)@4著
801  0 @aCN@bTSSF@c20150126
905    @aZUCC@dG519@eJY61
    
    外国高等教育史/贺国庆等著.-北京:人民教育出版社,2003
    760页;21cm
    
    
    ISBN 7-107-17419-3:CNY41.40
    本书阐述从古至今、从东方到西方高等教育的发展历程,重点研究欧美高等教育发展,分古代、近代、现代三大部分介绍高等教育的历史。
●
相关链接 在E读中查询图书 在五车中查询图书 在当当中查询图书 在豆瓣中查询图书


正题名:外国高等教育史     索取号:G519/JY61         预约/预借

序号 登录号 条形码 馆藏地/架位号 状态 备注
1 7860577   278605779   学院路分馆/ [索取号:G519/JY61] 在馆    
唐山师范学院图书馆 欢迎您!
大连网信软件有限公司© 版权所有